| 000 | 00474nam a22001457a 4500 | ||
|---|---|---|---|
| 999 |
_c7762 _d7760 |
||
| 005 | 20210325110818.0 | ||
| 008 | 210325b ||||| |||| 00| 0 eng d | ||
| 082 | _a345.408 23 | ||
| 100 |
_aMANOHAR AND CHITALEY _96503 |
||
| 245 | _aTHE AIR MANUAL CIVIL AND CRIMINAL INCOME TAX -ACT, 1961 [SEC-139 TO INDIRA GANDHI NATIONAL TRIBAL UNIVERSITY ACT, 2007] VOL-28, | ||
| 260 |
_aNAGPUR _bTHE ALL INDIA REPORTER PVT,LTD. |
||
| 300 | _a1236,P | ||
| 650 |
_aLAW _95701 |
||
| 942 | _cJRL | ||